Hledá se značka snů

Téma budovania značky zamestnávateľa (employer branding). Niekoľko tipov, ako správne zvládnuť budovanie značky zamestnávateľa. Personálny marketing verzus employer branding. Emócie. Vsadiť na vlastných ľudí. Trendom sú školy a diplomy. Pomáhajú zdanlivé detaily. Základom úspechu je stanoviť si cieľ...

Descripción completa

Guardado en:
Detalles Bibliográficos
Autor principal: Petrášová, Lenka
Formato: Capítulo de libro
Lenguaje:checo
Materias:
Etiquetas: Agregar Etiqueta
Sin Etiquetas, Sea el primero en etiquetar este registro!

MARC

LEADER 00000naa a2200000 4500
001 0236208
005 20171003100109.1
041 0 |a cze 
044 |a CZ 
245 1 0 |a Hledá se značka snů  |c Lenka Petrášová 
520 |a Téma budovania značky zamestnávateľa (employer branding). Niekoľko tipov, ako správne zvládnuť budovanie značky zamestnávateľa. Personálny marketing verzus employer branding. Emócie. Vsadiť na vlastných ľudí. Trendom sú školy a diplomy. Pomáhajú zdanlivé detaily. Základom úspechu je stanoviť si cieľ. Inšpirácie. 
610 2 0 |a zamestnávatelia 
610 2 0 |a zamestnanci 
610 2 0 |a firmy 
610 2 0 |a budovanie značky 
610 2 0 |a značky 
100 1 |a Petrášová, Lenka